Fundamentals of urine & body fluid analysis / (Record no. 171211)

MARC details
000 -LEADER
fixed length control field 01012nam a22003017a 4500
003 - CONTROL NUMBER IDENTIFIER
control field OSt
005 - DATE AND TIME OF LATEST TRANSACTION
control field 20250129103134.0
008 - FIXED-LENGTH DATA ELEMENTS--GENERAL INFORMATION
fixed length control field 250129b |||||||| |||| 00| 0 eng d
020 ## - INTERNATIONAL STANDARD BOOK NUMBER
International Standard Book Number 9780323374798 (paperback)
040 ## - CATALOGING SOURCE
Original cataloging agency NUST
Language of cataloging eng
Transcribing agency NUST
Modifying agency NUST
Description conventions rda
050 ## - LIBRARY OF CONGRESS CALL NUMBER
Classification number RB53 BRU
100 ## - MAIN ENTRY--PERSONAL NAME
Personal name Brunzel, Nancy A
Relator term Author
245 ## - TITLE STATEMENT
Title Fundamentals of urine & body fluid analysis /
Statement of responsibility, etc. Nancy A. Brunzel
250 ## - EDITION STATEMENT
Edition statement Fourth edition.
260 ## - PUBLICATION, DISTRIBUTION, ETC.
Place of publication, distribution, etc. St. Louis, Missouri :
Name of publisher, distributor, etc. Elsevier,
Date of publication, distribution, etc. 2018.
300 ## - PHYSICAL DESCRIPTION
Extent xiii, 429 pages :
Other physical details illustrations ;
Dimensions 28 cm.
336 ## - CONTENT TYPE
Source rdamedia
Content type term text
Content type code txt
337 ## - MEDIA TYPE
Source rdamedia
Media type term unmediated
Media type code n
338 ## - CARRIER TYPE
Source rdamedia
Carrier type term volume
Carrier type code nc
504 ## - BIBLIOGRAPHY, ETC. NOTE
Bibliography, etc. note Includes bibliographical references and index.
650 ## - SUBJECT ADDED ENTRY--TOPICAL TERM
Form subdivision Urine -- Analysis.
650 ## - SUBJECT ADDED ENTRY--TOPICAL TERM
Form subdivision Body fluids -- Analysis.
650 ## - SUBJECT ADDED ENTRY--TOPICAL TERM
Form subdivision Clinical chemistry.
650 ## - SUBJECT ADDED ENTRY--TOPICAL TERM
Form subdivision Urinalysis.
650 ## - SUBJECT ADDED ENTRY--TOPICAL TERM
Form subdivision Body Fluids -- chemistry.
650 ## - SUBJECT ADDED ENTRY--TOPICAL TERM
Form subdivision Chemistry, Clinical.
942 ## - ADDED ENTRY ELEMENTS (KOHA)
Source of classification or shelving scheme Library of Congress Classification
Koha item type Ordinary Loan Books
Edition Fourth edition.
Classification part RB53 BRU
Call number prefix RB
Call number suffix BRU
Suppress in OPAC No
Holdings
Withdrawn status Lost status Source of classification or shelving scheme Damaged status Not for loan Collection Home library Current library Shelving location Date acquired Source of acquisition Cost, normal purchase price Total Checkouts Full call number Barcode Date last seen Accession number Cost, replacement price Price effective from Koha item type Public note
    LCC     NFIC MEDICAL MEDICAL GEN 01/29/2025 Book Aid International 67.38   RB53 BRU 92004056728 01/29/2025 62544 67.38 01/29/2025 BOOKS Donation